LEADER 00798cam2 22002531 450 001 SOBE00054061 005 20161125111319.0 100 $a20161125d1963 |||||ita|0103 ba 101 $aeng 102 $aGB 200 0 $a5$fJohn Locke 210 $aAalen$cScientia$d1963 215 $a496 p.$d22 cm 461 1$1001SOBE00017726$12001 $a<>Works of John Locke, in 10. Volumes 700 1$aLocke$b, John$3A600200051655$4070$044514 801 0$aIT$bUNISOB$c20161125$gRICA 850 $aUNISOB 852 $aUNISOB$j100|Coll|72|K$m36752 912 $aSOBE00054061 940 $aM 102 Monografia moderna SBN 941 $aW 957 $a100|Coll|72|K$b000005$gRIS$d36752$racquisto$1catenacci$2UNISOB$3UNISOB$420161125111246.0$520161125111319.0$6catenacci 996 $a5$91726849 997 $aUNISOB LEADER 02167nam0 22004093i 450 001 VAN00248675 005 20240806101415.101 017 70$2N$a9783030550691 100 $a20220727d2020 |0itac50 ba 101 $aeng 102 $aCH 105 $a|||| ||||| 200 1 $aˆAn ‰Introduction to Element-Based Galerkin Methods on Tensor-Product Bases$eAnalysis, Algorithms, and Applications$fFrancis X. Giraldo 210 $aCham$cSpringer$d2020 215 $axxvi, 559 p.$cill.$d24 cm 410 1$1001VAN00044060$12001 $aTexts in computational science and engineering$1210 $aBerlin [etc.]$cSpringer$v24 500 1$3VAN00248679$aˆAn ‰Introduction to Element-Based Galerkin Methods on Tensor-Product Bases$92983620 606 $a65-XX$xNumerical analysis [MSC 2020]$3VANC019772$2MF 606 $a65Fxx$xNumerical linear algebra [MSC 2020]$3VANC023723$2MF 606 $a65M60$xFinite element, Rayleigh-Ritz and Galerkin methods for initial value and initial-boundary value problems involving PDEs [MSC 2020]$3VANC029157$2MF 606 $a65N30$xFinite elements, Rayleigh-Ritz and Galerkin methods, finite methods for boundary value problems involving PDEs [MSC 2020]$3VANC021532$2MF 610 $aDiscontinuous Galerkin$9KW:K 610 $aGalerkin methods$9KW:K 610 $aHybridized discontinuous Galerkin$9KW:K 610 $aPartial Differential Equations$9KW:K 610 $aSpectral element$9KW:K 620 $aCH$dCham$3VANL001889 700 1$aGiraldo$bFrancis X.$3VANV203516$0845465 712 $aSpringer $3VANV108073$4650 801 $aIT$bSOL$c20250411$gRICA 856 4 $uhttp://doi.org/10.1007/978-3-030-55069-1$zE-book ? Accesso al full-text attraverso riconoscimento IP di Ateneo, proxy e/o Shibboleth 899 $aBIBLIOTECA DEL DIPARTIMENTO DI MATEMATICA E FISICA$1IT-CE0120$2VAN08 912 $fN 912 $aVAN00248675 950 $aBIBLIOTECA DEL DIPARTIMENTO DI MATEMATICA E FISICA$d08DLOAD e-book 4554 $e08eMF4554 20220727 996 $aIntroduction to Element-Based Galerkin Methods on Tensor-Product Bases$92983620 997 $aUNICAMPANIA